<?xml version="1.0" encoding="UTF-8"?>
<record
    xmlns:xsi="http://www.w3.org/2001/XMLSchema-instance"
    xsi:schemaLocation="http://www.loc.gov/MARC21/slim http://www.loc.gov/standards/marcxml/schema/MARC21slim.xsd"
    xmlns="http://www.loc.gov/MARC21/slim">

  <leader>01449mam a2200361 a 4500</leader>
  <controlfield tag="001">3278132</controlfield>
  <controlfield tag="003">UOEML</controlfield>
  <controlfield tag="005">20250328153009.0</controlfield>
  <controlfield tag="006">000</controlfield>
  <controlfield tag="007">000</controlfield>
  <controlfield tag="008">880120s1987    enka     b    001 0 eng  </controlfield>
  <datafield tag="015" ind1=" " ind2=" ">
    <subfield code="a">GB87-32152</subfield>
  </datafield>
  <datafield tag="020" ind1=" " ind2=" ">
    <subfield code="a">0713128968 (pbk) :</subfield>
    <subfield code="c">&#xA3;13.95 : CIP confirmed</subfield>
  </datafield>
  <datafield tag="035" ind1=" " ind2=" ">
    <subfield code="a">(OCoLC)ocm16469773</subfield>
  </datafield>
  <datafield tag="035" ind1=" " ind2=" ">
    <subfield code="a">(NNC)3278132</subfield>
  </datafield>
  <datafield tag="040" ind1=" " ind2=" ">
    <subfield code="a">UOEL</subfield>
    <subfield code="c">UKM</subfield>
    <subfield code="d">OCL</subfield>
    <subfield code="d">EYE</subfield>
  </datafield>
  <datafield tag="050" ind1="1" ind2=" ">
    <subfield code="a">QL739.2</subfield>
    <subfield code="b">.F56 1987</subfield>
  </datafield>
  <datafield tag="070" ind1="0" ind2=" ">
    <subfield code="a">QL739.2.F4</subfield>
  </datafield>
  <datafield tag="072" ind1=" " ind2="0">
    <subfield code="a">L210</subfield>
    <subfield code="a">L300</subfield>
    <subfield code="a">X100</subfield>
  </datafield>
  <datafield tag="082" ind1="0" ind2="4">
    <subfield code="a">599.01/6</subfield>
    <subfield code="2">19</subfield>
  </datafield>
  <datafield tag="100" ind1="1" ind2=" ">
    <subfield code="a">Flowerdew, J. R.,</subfield>
    <subfield code="d">1945-</subfield>
  </datafield>
  <datafield tag="245" ind1="1" ind2="0">
    <subfield code="a">Mammals :</subfield>
    <subfield code="b">their reproductive biology and population ecology /</subfield>
    <subfield code="c">J.R. Flowerdew.</subfield>
  </datafield>
  <datafield tag="260" ind1=" " ind2=" ">
    <subfield code="a">London :</subfield>
    <subfield code="a">Baltimore, Md. :</subfield>
    <subfield code="b">Edward Arnold,</subfield>
    <subfield code="c">c1987.</subfield>
  </datafield>
  <datafield tag="300" ind1=" " ind2=" ">
    <subfield code="a">vi, 241 p. :</subfield>
    <subfield code="b">ill. </subfield>
    <subfield code="c">24 cm.</subfield>
  </datafield>
  <datafield tag="500" ind1=" " ind2=" ">
    <subfield code="a">Includes bibliographical references, appendix and index.</subfield>
  </datafield>
  <datafield tag="504" ind1=" " ind2=" ">
    <subfield code="a">Bibliography: p. [199]-227.</subfield>
  </datafield>
  <datafield tag="505" ind1="0" ind2=" ">
    <subfield code="a">The mammalian reproductive tract - form and function -- Reproductive patterns in mammals -- Effects of the environment on reproduction -- Interactions between reproductive biology and life-history parameters -- The description and analysis of population dynamics -- The population dynamics of mammals -- The ecology of mammalian populations -- Man and mammalian populations.</subfield>
  </datafield>
  <datafield tag="650" ind1=" " ind2="0">
    <subfield code="a">Mammals</subfield>
    <subfield code="x">Reproduction.</subfield>
  </datafield>
  <datafield tag="650" ind1=" " ind2="0">
    <subfield code="a">Mammals</subfield>
    <subfield code="x">Ecology.</subfield>
  </datafield>
  <datafield tag="653" ind1=" " ind2=" ">
    <subfield code="a">Mammals</subfield>
    <subfield code="a">Reproduction</subfield>
    <subfield code="a">Environmental factors</subfield>
  </datafield>
  <datafield tag="942" ind1=" " ind2=" ">
    <subfield code="2">lcc</subfield>
    <subfield code="c">BK</subfield>
  </datafield>
  <datafield tag="999" ind1=" " ind2=" ">
    <subfield code="c">138</subfield>
    <subfield code="d">138</subfield>
  </datafield>
  <datafield tag="952" ind1=" " ind2=" ">
    <subfield code="0">0</subfield>
    <subfield code="1">0</subfield>
    <subfield code="2">lcc</subfield>
    <subfield code="4">0</subfield>
    <subfield code="7">0</subfield>
    <subfield code="a">UOE</subfield>
    <subfield code="b">UOE</subfield>
    <subfield code="c">GEN</subfield>
    <subfield code="d">2014-02-05</subfield>
    <subfield code="l">0</subfield>
    <subfield code="o">QL739.2 .F56 1987</subfield>
    <subfield code="p">10018623</subfield>
    <subfield code="r">2026-04-27 11:49:14</subfield>
    <subfield code="t">10018623</subfield>
    <subfield code="w">2014-02-05</subfield>
    <subfield code="y">LL</subfield>
  </datafield>
  <datafield tag="952" ind1=" " ind2=" ">
    <subfield code="0">0</subfield>
    <subfield code="1">0</subfield>
    <subfield code="2">lcc</subfield>
    <subfield code="4">0</subfield>
    <subfield code="7">0</subfield>
    <subfield code="a">UOE</subfield>
    <subfield code="b">UOE</subfield>
    <subfield code="c">GEN</subfield>
    <subfield code="d">2014-02-05</subfield>
    <subfield code="l">0</subfield>
    <subfield code="o">QL739.2 .F56 1987</subfield>
    <subfield code="p">10018625</subfield>
    <subfield code="r">2026-04-27 11:49:13</subfield>
    <subfield code="t">10018625</subfield>
    <subfield code="w">2014-02-05</subfield>
    <subfield code="y">LL</subfield>
  </datafield>
  <datafield tag="952" ind1=" " ind2=" ">
    <subfield code="0">0</subfield>
    <subfield code="1">0</subfield>
    <subfield code="2">lcc</subfield>
    <subfield code="4">0</subfield>
    <subfield code="7">0</subfield>
    <subfield code="a">UOE</subfield>
    <subfield code="b">UOE</subfield>
    <subfield code="c">GEN</subfield>
    <subfield code="d">2014-02-05</subfield>
    <subfield code="l">0</subfield>
    <subfield code="o">QL739.2 .F56 1987</subfield>
    <subfield code="p">10013232</subfield>
    <subfield code="r">2026-04-27 11:49:14</subfield>
    <subfield code="t">10013232</subfield>
    <subfield code="w">2014-02-05</subfield>
    <subfield code="y">LL</subfield>
  </datafield>
  <datafield tag="952" ind1=" " ind2=" ">
    <subfield code="0">0</subfield>
    <subfield code="1">0</subfield>
    <subfield code="2">lcc</subfield>
    <subfield code="4">0</subfield>
    <subfield code="7">0</subfield>
    <subfield code="a">UOE</subfield>
    <subfield code="b">UOE</subfield>
    <subfield code="c">GEN</subfield>
    <subfield code="d">2014-02-05</subfield>
    <subfield code="l">0</subfield>
    <subfield code="o">QL739.2 .F56 1987</subfield>
    <subfield code="p">10056824</subfield>
    <subfield code="r">2026-04-27 11:49:13</subfield>
    <subfield code="t">10056824</subfield>
    <subfield code="w">2014-02-05</subfield>
    <subfield code="y">LL</subfield>
  </datafield>
  <datafield tag="952" ind1=" " ind2=" ">
    <subfield code="0">0</subfield>
    <subfield code="1">0</subfield>
    <subfield code="2">lcc</subfield>
    <subfield code="4">0</subfield>
    <subfield code="7">0</subfield>
    <subfield code="a">UOE</subfield>
    <subfield code="b">UOE</subfield>
    <subfield code="c">GEN</subfield>
    <subfield code="d">2014-02-05</subfield>
    <subfield code="l">0</subfield>
    <subfield code="o">QL739.2 .F56 1987</subfield>
    <subfield code="p">10018624</subfield>
    <subfield code="r">2026-04-27 11:49:13</subfield>
    <subfield code="t">10018624</subfield>
    <subfield code="w">2014-02-05</subfield>
    <subfield code="y">LL</subfield>
  </datafield>
  <datafield tag="952" ind1=" " ind2=" ">
    <subfield code="0">0</subfield>
    <subfield code="1">0</subfield>
    <subfield code="2">lcc</subfield>
    <subfield code="4">0</subfield>
    <subfield code="7">0</subfield>
    <subfield code="a">UOE</subfield>
    <subfield code="b">UOE</subfield>
    <subfield code="c">GEN</subfield>
    <subfield code="d">2014-11-21</subfield>
    <subfield code="l">0</subfield>
    <subfield code="o">QL739.2 .F56 1987</subfield>
    <subfield code="p">10013231</subfield>
    <subfield code="r">2026-04-27 11:49:13</subfield>
    <subfield code="t">10013231</subfield>
    <subfield code="w">2014-11-21</subfield>
    <subfield code="y">LL</subfield>
  </datafield>
  <datafield tag="952" ind1=" " ind2=" ">
    <subfield code="0">0</subfield>
    <subfield code="1">0</subfield>
    <subfield code="2">lcc</subfield>
    <subfield code="4">0</subfield>
    <subfield code="7">0</subfield>
    <subfield code="a">UOE</subfield>
    <subfield code="b">UOE</subfield>
    <subfield code="c">GEN</subfield>
    <subfield code="d">2014-11-25</subfield>
    <subfield code="l">0</subfield>
    <subfield code="o">QL739.2 .F56 1987</subfield>
    <subfield code="p">10056825</subfield>
    <subfield code="r">2026-04-27 11:49:13</subfield>
    <subfield code="t">10056825</subfield>
    <subfield code="w">2014-11-25</subfield>
    <subfield code="y">LL</subfield>
  </datafield>
  <datafield tag="952" ind1=" " ind2=" ">
    <subfield code="0">0</subfield>
    <subfield code="1">0</subfield>
    <subfield code="2">lcc</subfield>
    <subfield code="4">0</subfield>
    <subfield code="7">0</subfield>
    <subfield code="a">UOE</subfield>
    <subfield code="b">UOE</subfield>
    <subfield code="c">GEN</subfield>
    <subfield code="d">2025-03-28</subfield>
    <subfield code="l">0</subfield>
    <subfield code="o">QL739.2 .F56 1987</subfield>
    <subfield code="p">10013233</subfield>
    <subfield code="r">2026-04-27 11:49:14</subfield>
    <subfield code="t">10013233</subfield>
    <subfield code="w">2025-03-28</subfield>
    <subfield code="y">LL</subfield>
  </datafield>
</record>
